[Event "Oslo Chess International - Håvard Vederhus' memorial"]
[Site "Ullevaal Stadion"]
[Date "2013.09.29"]
[Round "2"]
[White "Strand, Håkon"]
[Black "Getz, Nicolai"]
[Result "0-1"]
[WhiteElo "2151"]
[BlackElo "2358"]
[PlyCount "122"]
[EventDate "2013.??.??"]

1. e4 e5 2. Nf3 Nc6 3. Bb5 a6 4. Ba4 Nf6 5. O-O Be7 6. Re1 b5 7. Bb3 O-O 8. d4
Nxd4 9. Bxf7+ Rxf7 10. Nxe5 Rf8 11. Qxd4 c5 12. Qd1 Qc7 13. Ng4 Nxg4 14. Qxg4
d5 15. Qh5 dxe4 16. Qd5+ Kh8 17. Qxa8 Bb7 18. Qa7 Bd6 19. Be3 Ra8 20. Qxa8+
Bxa8 21. h3 Qe7 22. Nc3 Qe5 23. Rad1 Bc6 24. Rxd6 Qxd6 25. Rd1 Qc7 26. Bxc5 h6
27. a3 Qb7 28. Be3 b4 29. axb4 Qxb4 30. Rd8+ Kh7 31. Nd1 a5 32. Bd2 Qb6 33. Rd6
Qc5 34. Rd8 Qxc2 35. Bxa5 Qc1 36. Kh2 Ba4 37. Nc3 Qxb2 38. Nxa4 Qe5+ 39. Kg1
Qxa5 40. Rd4 Qe5 41. Rd1 e3 42. fxe3 Qxe3+ 43. Kh1 Qe2 44. Rc1 Qd2 45. Rc4 Qd3
46. Rc1 Qd2 47. Rc4 Qd1+ 48. Kh2 Qd3 49. Rf4 Qd6 50. g3 g5 51. Rf2 Qd4 52. Ra2
Qc4 53. Rb2 Qxa4 54. g4 Kg6 55. Kg2 Qe4+ 56. Kf2 h5 57. gxh5+ Kxh5 58. Kg3 Qe1+
59. Rf2 Qe3+ 60. Kg2 Kh4 61. Rf3 Qxf3+
0-1

[Event "Oslo Chess International - Håvard Vederhus' memorial"]
[Site "Ullevaal Stadion"]
[Date "2013.09.29"]
[Round "2"]
[White "Lillevold, Frode"]
[Black "Nijs, Nils"]
[Result "1/2-1/2"]
[WhiteElo "2161"]
[BlackElo "2298"]
[PlyCount "95"]
[EventDate "2013.??.??"]

1. d4 g6 2. e4 Bg7 3. c4 d6 4. Nc3 e5 5. Nge2 Nc6 6. d5 Nce7 7. Ng3 h5 8. Bd3
c5 9. Rb1 h4 10. Nf1 f5 11. b4 cxb4 12. Qa4+ Kf8 13. Qxb4 Nf6 14. Ba3 Ne8 15.
c5 dxc5 16. Qxc5 b6 17. Qb4 Bd7 18. Nd2 Bf6 19. O-O f4 20. h3 Kg7 21. Rfc1 Rh5
22. Be2 Rh7 23. Rc2 Kh6 24. Rbc1 Nc8 25. Bb5 Be7 26. Qb3 Bxb5 27. Nxb5 Bxa3 28.
Qxa3 Ncd6 29. Nxd6 Nxd6 30. Qd3 Rd7 31. Qe2 Qe7 32. Qg4 Rad8 33. Rc6 Qg5 34.
Qxg5+ Kxg5 35. Nf3+ Kh5 36. Nxe5 Re7 37. Ng4 Nxe4 38. Re6 Rxe6 39. dxe6 Kg5 40.
Re1 Nd6 41. Re5+ Nf5 42. f3 Rc8 43. Kf2 Rc5 44. Re4 Ne7 45. Ke2 Kf5 46. Nh6+
Kf6 47. Ng4+ Kf5 48. Nh6+
1/2-1/2

[Event "Oslo Chess International - Håvard Vederhus' memorial"]
[Site "Ullevaal Stadion"]
[Date "2013.09.29"]
[Round "3"]
[White "Postny, Evgeny"]
[Black "Bok, Benjamin"]
[Result "1/2-1/2"]
[WhiteElo "2628"]
[BlackElo "2520"]
[PlyCount "51"]
[EventDate "2013.??.??"]

1. d4 Nf6 2. c4 g6 3. Nc3 d5 4. Bf4 Bg7 5. e3 O-O 6. cxd5 Nxd5 7. Nxd5 Qxd5 8.
Bxc7 Na6 9. Bxa6 Qxg2 10. Qf3 Qxf3 11. Nxf3 bxa6 12. Rc1 f6 13. Rc5 Rf7 14. d5
e5 15. d6 Bf8 16. Ke2 Bg4 17. Rg1 Bh5 18. e4 Re8 19. Ra5 Rd7 20. Rxa6 Re6 21.
h4 Bxd6 22. Rxd6 Rexd6 23. Bxd6 Rxd6 24. Ke3 Bxf3 25. Kxf3 Rd2 26. Rc1
1/2-1/2

[Event "Oslo Chess International - Håvard Vederhus' memorial"]
[Site "Ullevaal Stadion"]
[Date "2013.09.29"]
[Round "3"]
[White "Donchenko, Alexander"]
[Black "Istratescu, Andrei"]
[Result "1/2-1/2"]
[WhiteElo "2467"]
[BlackElo "2646"]
[PlyCount "109"]
[EventDate "2013.??.??"]

1. Nf3 c5 2. c4 Nc6 3. Nc3 Nf6 4. g3 d5 5. cxd5 Nxd5 6. Bg2 Nc7 7. O-O e5 8. a3
Bd7 9. e3 Bf5 10. Qa4 Qd7 11. b4 a6 12. bxc5 Bxc5 13. Nxe5 Nxe5 14. d4 Bd6 15.
dxe5 Bxe5 16. Bb2 O-O 17. Qxd7 Bxd7 18. Na4 Bxb2 19. Nxb2 Rab8 20. Rac1 Ne6 21.
Nc4 b5 22. Ne5 Rfd8 23. Bd5 a5 24. f4 Be8 25. Rfd1 b4 26. axb4 axb4 27. Bxe6
Rxd1+ 28. Rxd1 fxe6 29. Rb1 b3 30. Rb2 Kf8 31. Kf2 Ke7 32. Ke2 Kd6 33. Kd3 Ba4
34. Nc4+ Kc5 35. Kc3 Rc8 36. Na3 Rd8 37. Nc4 Rd1 38. Na5 Rc1+ 39. Kd2 Rc2+ 40.
Rxc2+ bxc2 41. Nb7+ Kd5 42. Nd8 e5 43. Nf7 exf4 44. exf4 h6 45. Ne5 Ke4 46. Nd3
Kf3 47. Nc5 Be8 48. Ne6 g6 49. f5 g5 50. f6 Kg2 51. Nd8 Kxh2 52. f7 Bxf7 53.
Nxf7 h5 54. Nxg5 Kxg3 55. Kxc2
1/2-1/2

[Event "Oslo Chess International - Håvard Vederhus' memorial"]
[Site "Ullevaal Stadion"]
[Date "2013.09.29"]
[Round "3"]
[White "Martinsen, Stig K."]
[Black "Adhiban, Baskaran"]
[Result "0-1"]
[WhiteElo "2134"]
[BlackElo "2567"]
[PlyCount "66"]
[EventDate "2013.??.??"]

1. d4 d5 2. c4 e6 3. Nf3 Nf6 4. Bg5 h6 5. Bxf6 Qxf6 6. e3 c6 7. Nbd2 g6 8. Be2
Bg7 9. O-O O-O 10. b4 Nd7 11. Qc2 e5 12. cxd5 cxd5 13. dxe5 Nxe5 14. Nd4 Qb6
15. b5 Bg4 16. Qd1 Bxe2 17. Qxe2 Rfc8 18. Rac1 Qa5 19. N2b3 Qa4 20. Rc5 Rxc5
21. Nxc5 Qa3 22. Ncb3 Nc4 23. Rd1 Nd6 24. Rd2 Rc8 25. g3 Qb4 26. Rd1 Ne4 27.
Rf1 h5 28. h4 Rc3 29. Kg2 Qc4 30. Re1 Be5 31. Qxc4 dxc4 32. Na5 Nc5 33. Nf3 Bc7
0-1

[Event "Oslo Chess International - Håvard Vederhus' memorial"]
[Site "Ullevaal Stadion"]
[Date "2013.09.29"]
[Round "3"]
[White "Haugli, Petter"]
[Black "Turov, Maxim"]
[Result "0-1"]
[WhiteElo "2293"]
[BlackElo "2586"]
[PlyCount "92"]
[EventDate "2013.??.??"]

1. d4 Nf6 2. c4 e6 3. Nc3 Bb4 4. e3 O-O 5. Bd3 c5 6. Nf3 Nc6 7. O-O Bxc3 8.
bxc3 d6 9. e4 e5 10. d5 Ne7 11. Nh4 h6 12. Bc2 Ne8 13. Nf5 Nxf5 14. exf5 Qh4
15. f4 Nf6 16. fxe5 dxe5 17. Qe2 b6 18. Qxe5 Ba6 19. Qf4 Qxf4 20. Rxf4 Rfe8 21.
Bd2 Re2 22. Rd1 Rae8 23. Bd3 R2e7 24. Rf3 Ne4 25. f6 Nxf6 26. Bxh6 Re1+ 27.
Rxe1 Rxe1+ 28. Kf2 Ra1 29. Rg3 g6 30. Bg5 Rxa2+ 31. Ke3 Nh5 32. Rf3 Rxg2 33. h4
Kg7 34. Rf1 f6 35. Bf4 Nxf4 36. Kxf4 Bc8 37. Ra1 a5 38. Rb1 Rd2 39. Be4 a4 40.
Rxb6 a3 41. Rb8 a2 42. Ra8 f5 43. Bf3 Kf6 44. Ke3 Rc2 45. Kd3 Rh2 46. Be2 f4
0-1

[Event "Oslo Chess International - Håvard Vederhus' memorial"]
[Site "Ullevaal Stadion"]
[Date "2013.09.29"]
[Round "3"]
[White "Vaarala, Eric"]
[Black "Solodovnichenko, Yuri"]
[Result "0-1"]
[WhiteElo "2289"]
[BlackElo "2577"]
[PlyCount "72"]
[EventDate "2013.??.??"]

1. c4 e5 2. Nc3 d6 3. g3 f5 4. Bg2 Nf6 5. d3 Be7 6. e3 O-O 7. Nge2 c6 8. O-O
Na6 9. d4 Qe8 10. d5 Bd7 11. b4 Nc7 12. a4 cxd5 13. cxd5 Na6 14. Ba3 Rc8 15.
Rc1 Qh5 16. b5 Nc5 17. Nb1 Nxa4 18. Nec3 Qxd1 19. Rfxd1 Nc5 20. Bf1 f4 21. exf4
exf4 22. Re1 Bd8 23. Nd2 fxg3 24. hxg3 Bb6 25. Nc4 Nb3 26. Rb1 Nd2 27. Nxd2
Rxc3 28. Bxd6 Bxf2+ 29. Kxf2 Ne4+ 30. Kg2 Nxd6 31. Re7 Bg4 32. Rb2 Nf5 33. Rxb7
Ne3+ 34. Kg1 Rc1 35. Rxa7 Nxf1 36. Nxf1 Rfxf1+
0-1

[Event "Oslo Chess International - Håvard Vederhus' memorial"]
[Site "Ullevaal Stadion"]
[Date "2013.09.29"]
[Round "3"]
[White "Narciso Dublan, Marc"]
[Black "Nagarajan, Raghavi"]
[Result "1/2-1/2"]
[WhiteElo "2509"]
[BlackElo "2174"]
[PlyCount "152"]
[EventDate "2013.??.??"]

1. d4 d5 2. c4 e6 3. Nc3 Be7 4. cxd5 exd5 5. Bf4 c6 6. Qc2 Bd6 7. Bxd6 Qxd6 8.
e3 Nf6 9. Bd3 Bg4 10. Nge2 Bh5 11. Qb3 b6 12. O-O Bg6 13. Rfd1 Bxd3 14. Rxd3
O-O 15. Ng3 Nbd7 16. Re1 Rfe8 17. Qd1 Ne4 18. Ncxe4 dxe4 19. Rc3 c5 20. dxc5
Qxd1 21. Rxd1 Nxc5 22. b4 Nd3 23. a3 a5 24. Nxe4 Rxe4 25. Rcxd3 g6 26. Rd8+
Rxd8 27. Rxd8+ Kg7 28. bxa5 Rc4 29. g3 bxa5 30. Rd4 Rc3 31. Ra4 Rc5 32. Kg2 h5
33. h3 Rf5 34. f4 Rb5 35. Kf3 f5 36. Rc4 Rb3 37. Ra4 Rb5 38. g4 hxg4+ 39. hxg4
Kf6 40. gxf5 gxf5 41. Rc4 Rb3 42. Rc6+ Kg7 43. a4 Rb4 44. Rc5 Rxa4 45. Rxf5 Ra1
46. Rb5 a4 47. Ra5 a3 48. Ke4 a2 49. Ra6 Kf7 50. f5 Kg7 51. Ke5 Re1 52. Ra7+
Kg8 53. Rxa2 Rxe3+ 54. Kf6 Rf3 55. Ra8+ Kh7 56. Rf8 Rf1 57. Ke7 Ra1 58. Rd8
Ra7+ 59. Rd7 Ra8 60. Kf6+ Kh6 61. Re7 Ra6+ 62. Re6 Ra7 63. Re5 Rb7 64. Re1 Rb6+
65. Re6 Rb7 66. Rd6 Ra7 67. Rd5 Rb7 68. Re5 Ra7 69. Re8 Ra6+ 70. Ke5 Ra5+ 71.
Kf4 Ra4+ 72. Re4 Rxe4+ 73. Kxe4 Kg7 74. Ke5 Kf7 75. f6 Kf8 76. Ke6 Ke8
1/2-1/2

[Event "Oslo Chess International - Håvard Vederhus' memorial"]
[Site "Ullevaal Stadion"]
[Date "2013.09.29"]
[Round "3"]
[White "Røyset, Pål"]
[Black "Lie, Espen"]
[Result "1/2-1/2"]
[WhiteElo "2179"]
[BlackElo "2455"]
[PlyCount "74"]
[EventDate "2013.??.??"]

1. e4 e5 2. Bc4 Nf6 3. d3 Nc6 4. Nf3 Bc5 5. O-O d6 6. c3 Bb6 7. Bb3 Bg4 8. Be3
O-O 9. Nbd2 Re8 10. h3 Bxe3 11. fxe3 Be6 12. Bc2 Ne7 13. Ng5 Ng6 14. Qf3 c6 15.
Nxe6 fxe6 16. Bb3 Qe7 17. d4 Rf8 18. Qg3 Kh8 19. Qg5 Rae8 20. h4 exd4 21. cxd4
d5 22. h5 Ng8 23. Qg3 Rxf1+ 24. Rxf1 Nf8 25. e5 Nd7 26. Bc2 Rf8 27. Nf3 Nh6 28.
Ng5 Rxf1+ 29. Kxf1 Nf8 30. Qf4 Kg8 31. a3 Nf7 32. Nf3 Qd8 33. e4 Qb6 34. Qc1
Qb5+ 35. Kg1 Qe2 36. Qd2 Qxd2 37. Nxd2 Ng5
1/2-1/2

[Event "Oslo Chess International - Håvard Vederhus' memorial"]
[Site "Ullevaal Stadion"]
[Date "2013.09.29"]
[Round "3"]
[White "Mirzoeva, Elmira"]
[Black "Trent, Lawrence"]
[Result "1-0"]
[WhiteElo "2215"]
[BlackElo "2440"]
[PlyCount "79"]
[EventDate "2013.??.??"]

1. d4 Nf6 2. c4 g6 3. Nc3 Bg7 4. e4 d6 5. Nf3 O-O 6. h3 e5 7. d5 a5 8. g4 Na6
9. Be3 Nd7 10. Rg1 Ndc5 11. h4 c6 12. g5 a4 13. h5 cxd5 14. cxd5 b5 15. h6 Bh8
16. Bxb5 Qa5 17. Nd2 a3 18. Nc4 Qb4 19. Qd2 axb2 20. Rb1 Na4 21. Nxa4 Qxb5 22.
Nab6 Nc7 23. Nxd6 Qa6 24. Ndxc8 Rfxc8 25. Nxa8 Rxa8 26. Qxb2 Ne8 27. Qb3 Nd6
28. f3 f6 29. Bc5 Nf7 30. Qb6 Nd8 31. Qd6 Qxd6 32. Bxd6 fxg5 33. Rb8 Rxb8 34.
Bxb8 Bf6 35. a4 Nb7 36. Ke2 Bd8 37. Rb1 Nc5 38. Rc1 Nb7 39. Bc7 Be7 40. a5
1-0

[Event "Oslo Chess International - Håvard Vederhus' memorial"]
[Site "Ullevaal Stadion"]
[Date "2013.09.29"]
[Round "3"]
[White "Nijs, Nils"]
[Black "Merkesvik, Sondre"]
[Result "1-0"]
[WhiteElo "2298"]
[BlackElo "2055"]
[PlyCount "43"]
[EventDate "2013.??.??"]

1. d4 Nf6 2. Nf3 g6 3. Bg5 Ne4 4. Bh4 c5 5. c3 d5 6. Nbd2 Bg7 7. e3 Nc6 8. Nxe4
dxe4 9. Nd2 cxd4 10. cxd4 Bf5 11. Be2 Qa5 12. O-O O-O 13. g4 Bd7 14. Nxe4 Rfe8
15. Nc5 Bc8 16. a3 Qc7 17. Rc1 Qd6 18. Bf3 e5 19. Ne4 Qd7 20. d5 Ne7 21. d6 Nc6
22. Nc5
1-0

[Event "Oslo Chess International - Håvard Vederhus' memorial"]
[Site "Ullevaal Stadion"]
[Date "2013.09.29"]
[Round "3"]
[White "Kvisla, Johannes"]
[Black "Lampert, Jonas"]
[Result "0-1"]
[WhiteElo "2157"]
[BlackElo "2376"]
[PlyCount "57"]
[EventDate "2013.??.??"]

1. d4 d5 2. c4 c6 3. Nc3 Nf6 4. cxd5 cxd5 5. Bf4 Nc6 6. e3 a6 7. Bd3 Bg4 8. f3
Bh5 9. Nge2 e6 10. a3 Bg6 11. Rc1 Nh5 12. Bxg6 hxg6 13. Na4 Nxf4 14. Nxf4 Bd6
15. Nd3 Rxh2 16. Rxh2 Bxh2 17. Nac5 Na5 18. Ke2 b6 19. Qa4+ Ke7 20. Rh1 Bd6 21.
Rh8 Qxh8 22. Qd7+ Kf8 23. Qxd6+ Kg8 24. Qxb6 Nc4 25. Qb7 Rf8 26. Nd7 Qh6 27.
Nf4 Qh1 28. Nxf8 Qc1 29. Qb8
0-1

[Event "Oslo Chess International - Håvard Vederhus' memorial"]
[Site "Ullevaal Stadion"]
[Date "2013.09.29"]
[Round "3"]
[White "Kvisvik, Brede Alex."]
[Black "Mikalsen, Erlend"]
[Result "1-0"]
[WhiteElo "2270"]
[BlackElo "2145"]
[PlyCount "55"]
[EventDate "2013.??.??"]

1. d4 Nf6 2. c4 e6 3. g3 d5 4. Nf3 dxc4 5. Bg2 c5 6. O-O Nc6 7. Qa4 Bd7 8. Qxc4
b5 9. Qd3 c4 10. Qd1 Be7 11. a4 b4 12. Ne5 Nxe5 13. dxe5 Nd5 14. e4 Nb6 15. a5
Nc8 16. Qg4 g6 17. Bh6 Qc7 18. Qf4 Rg8 19. h4 a6 20. Rc1 c3 21. Nxc3 bxc3 22.
Rxc3 Qb8 23. Rf3 Kd8 24. Qxf7 Re8 25. Rd1 Qxe5 26. Rxd7+ Kxd7 27. Rd3+ Nd6 28.
Bf4
1-0

[Event "Oslo Chess International - Håvard Vederhus' memorial"]
[Site "Ullevaal Stadion"]
[Date "2013.09.29"]
[Round "3"]
[White "Bentsen, Øyvind"]
[Black "Andersen, Alf Roger"]
[Result "1-0"]
[WhiteElo "2121"]
[BlackElo "2207"]
[PlyCount "91"]
[EventDate "2013.??.??"]

1. e4 c5 2. Nf3 d6 3. d4 cxd4 4. Nxd4 Nf6 5. Nc3 g6 6. Be3 Bg7 7. h3 a6 8. Qd2
O-O 9. O-O-O b5 10. a3 Bb7 11. Bd3 Nbd7 12. Bh6 Bxh6 13. Qxh6 Rc8 14. Rhe1 Rxc3
15. bxc3 Qa5 16. Nb3 Qxa3+ 17. Kd2 Rc8 18. Rb1 Ne5 19. f3 Nxd3 20. Kxd3 b4 21.
c4 Nd7 22. Qc1 Ne5+ 23. Ke2 Qa4 24. Ra1 Qd7 25. c5 dxc5 26. Ra5 Qd6 27. Rd1 Qb6
28. Qa1 f6 29. Nd2 Bc6 30. Qa2+ Kg7 31. f4 Bb5+ 32. Ke1 Nc6 33. Qe6 Rd8 34.
Raa1 c4 35. Nf1 Rxd1+ 36. Rxd1 b3 37. cxb3 c3 38. e5 Qc5 39. exf6+ exf6 40.
Rd7+ Kh6 41. Qf7 Qe5+ 42. fxe5 c2 43. Qxh7+ Kg5 44. h4+ Kf4 45. Qh6+ g5 46.
Qxf6+
1-0

[Event "Oslo Chess International - Håvard Vederhus' memorial"]
[Site "Ullevaal Stadion"]
[Date "2013.09.29"]
[Round "3"]
[White "Persson, Mats"]
[Black "Schmitz, Thorsten"]
[Result "1-0"]
[WhiteElo "2238"]
[BlackElo "2322"]
[PlyCount "99"]
[EventDate "2013.??.??"]

1. d4 Nf6 2. Nf3 g6 3. g3 Bg7 4. Bg2 O-O 5. O-O d6 6. Nc3 Nbd7 7. e4 e5 8. Re1
Re8 9. h3 a6 10. d5 b6 11. a3 Bb7 12. Nd2 Bh6 13. Nc4 Bxc1 14. Rxc1 Nh5 15. b4
Qe7 16. Ne3 Ndf6 17. Na4 b5 18. Nb2 c6 19. c4 Rac8 20. a4 bxc4 21. Nbxc4 cxd5
22. exd5 Rc7 23. Na5 Rxc1 24. Qxc1 e4 25. Qc4 Qd7 26. Qd4 Re5 27. Nac4 Qxa4 28.
Nxe5 dxe5 29. Qb6 Qb5 30. Qd6 Nxd5 31. Nxd5 Bxd5 32. Rc1 Be6 33. Bf1 Qa4 34.
Qb8+ Kg7 35. Qxe5+ Nf6 36. Qc3 h5 37. Ra1 Qd7 38. Rxa6 Qd1 39. Ra1 Qd7 40. h4
Qd6 41. b5 Qd8 42. Rb1 Qb6 43. Qe3 Qb7 44. Qd4 Bd5 45. Ra1 Qe7 46. Ra7 Qe8 47.
Ra6 Be6 48. Bc4 e3 49. fxe3 Qb8 50. Kf2
1-0

[Event "Oslo Chess International - Håvard Vederhus' memorial"]
[Site "Ullevaal Stadion"]
[Date "2013.09.29"]
[Round "3"]
[White "Bjerke, Richard"]
[Black "Dolzhikova, Olga"]
[Result "0-1"]
[WhiteElo "2173"]
[BlackElo "2237"]
[PlyCount "94"]
[EventDate "2013.??.??"]

1. e4 b6 2. d4 Bb7 3. Nd2 c5 4. Ngf3 g6 5. Bd3 cxd4 6. Nxd4 Bg7 7. c3 d6 8. O-O
Nf6 9. Qe2 O-O 10. N2f3 Nbd7 11. Nb3 Nc5 12. Nxc5 bxc5 13. a4 e6 14. a5 Rc8 15.
Bg5 Qc7 16. Nd2 h6 17. Bh4 Nh5 18. f4 d5 19. e5 Nxf4 20. Rxf4 Bxe5 21. Rg4
Bxh2+ 22. Kh1 h5 23. Rga4 c4 24. Bc2 Bf4 25. Bf6 e5 26. Nf3 e4 27. Nd4 Qd6 28.
Bh4 f5 29. Nb5 Qc5 30. Rb4 Rb8 31. Nd4 Bc8 32. Rxb8 Bxb8 33. Bf2 Qd6 34. Bg1
Qf6 35. Qf2 f4 36. b3 g5 37. g3 fxg3 38. Qxf6 Rxf6 39. Be3 Bf4 40. Bxf4 gxf4
41. bxc4 f3 42. cxd5 e3 43. Be4 f2 44. Kg2 Ba6 45. Bf3 h4 46. Ne2 Rxf3 47. Kxf3
Bxe2+
0-1

[Event "Oslo Chess International - Håvard Vederhus' memorial"]
[Site "Ullevaal Stadion"]
[Date "2013.09.29"]
[Round "3"]
[White "Grønnestad, Anita"]
[Black "Lillevold, Frode"]
[Result "0-1"]
[WhiteElo "1995"]
[BlackElo "2161"]
[PlyCount "126"]
[EventDate "2013.??.??"]

1. c4 e6 2. d4 d5 3. e3 Nf6 4. Nc3 Be7 5. Nf3 O-O 6. Qc2 Nbd7 7. b3 c5 8. Bb2
cxd4 9. Nxd4 a6 10. cxd5 exd5 11. Bd3 Nc5 12. Bf5 Re8 13. Rd1 Bxf5 14. Nxf5 Bf8
15. O-O Rc8 16. Qd2 Qd7 17. Ng3 Rcd8 18. Qc2 Qc6 19. Nce2 Nce4 20. Qb1 Ng4 21.
Nxe4 dxe4 22. h3 Nf6 23. Ng3 Rxd1 24. Rxd1 Bd6 25. Nf5 Bb8 26. Rd8 Qe6 27.
Rxe8+ Nxe8 28. g4 h5 29. Qd1 Bc7 30. Qd4 f6 31. Qc5 hxg4 32. hxg4 g6 33. Qd5
Qxd5 34. Ne7+ Kf7 35. Nxd5 Bd6 36. Kf1 Ke6 37. Nb6 Bc7 38. Nc4 b5 39. Na3 Nd6
40. Nc2 Nf7 41. Nd4+ Kd5 42. Nc2 Ne5 43. Nb4+ Ke6 44. Nxa6 Bd6 45. Bc3 Nxg4 46.
Nb4 f5 47. Nc2 Kd5 48. Nb4+ Bxb4 49. Bxb4 Ne5 50. a4 Nd3 51. Bd2 b4 52. Kg2 Kc5
53. f3 Kb6 54. fxe4 fxe4 55. Kg3 Ka5 56. Be1 g5 57. Bxb4+ Kxb4 58. Kg4 Nc5 59.
Kxg5 Nxb3 60. Kf4 Nc5 61. Ke5 Kxa4 62. Kd4 Kb4 63. Kd5 Kc3
0-1

[Event "Oslo Chess International - Håvard Vederhus' memorial"]
[Site "Ullevaal Stadion"]
[Date "2013.09.29"]
[Round "4"]
[White "Adhiban, Baskaran"]
[Black "Postny, Evgeny"]
[Result "1/2-1/2"]
[WhiteElo "2567"]
[BlackElo "2628"]
[PlyCount "81"]
[EventDate "2013.??.??"]

1. e4 c6 2. d4 d5 3. e5 Bf5 4. Nf3 e6 5. Be2 Nd7 6. O-O a6 7. c3 c5 8. Nbd2 h6
9. dxc5 Bxc5 10. b4 Ba7 11. c4 Ne7 12. Bb2 O-O 13. a3 Nc6 14. Nb3 dxc4 15. Bxc4
Nb6 16. Qxd8 Rfxd8 17. Rfc1 Na4 18. Ra2 Rac8 19. h3 Nxb2 20. Rxb2 Nd4 21. Nbxd4
Bxd4 22. Rd2 Bb6 23. Rd6 Rxd6 24. exd6 Bd8 25. Nd4 Kf8 26. Nxf5 exf5 27. Rc2
Rc6 28. Bd3 Rxd6 29. Bxf5 a5 30. bxa5 Bxa5 31. Be4 b5 32. Rb2 Rd1+ 33. Kh2 Bc7+
34. g3 Bd6 35. Rxb5 Bxa3 36. Bd5 Rd2 37. Kg2 Bd6 38. Kf3 Rd4 39. Ra5 Bc7 40.
Ra7 Rxd5 41. Rxc7
1/2-1/2

[Event "Oslo Chess International - Håvard Vederhus' memorial"]
[Site "Ullevaal Stadion"]
[Date "2013.09.29"]
[Round "4"]
[White "Rozentalis, Eduardas"]
[Black "Agdestein, Simen"]
[Result "1-0"]
[WhiteElo "2614"]
[BlackElo "2595"]
[PlyCount "71"]
[EventDate "2013.??.??"]

1. e4 e5 2. Nf3 Nc6 3. Bb5 a6 4. Bxc6 dxc6 5. O-O f6 6. d4 Bg4 7. c3 exd4 8.
cxd4 Qd7 9. Be3 O-O-O 10. Nbd2 h5 11. Rc1 h4 12. h3 Be6 13. Nc4 Qf7 14. d5 Qg6
15. Qb3 Bxh3 16. Ng5 fxg5 17. dxc6 b5 18. gxh3 Qxe4 19. Rfe1 Qf5 20. Nb6+ Kb8
21. Nd7+ Rxd7 22. cxd7 Qxd7 23. Bxg5 Bd6 24. Qe6 Qxe6 25. Rxe6 Nh6 26. Bxh6
gxh6 27. Rce1 Kb7 28. R1e4 Bc5 29. R6e5 Bd6 30. Rh5 Rf8 31. Rxh6 Bc5 32. Re2
Rf4 33. Kg2 Bd4 34. b3 a5 35. Rg6 Bf6 36. Re3
1-0

[Event "Oslo Chess International - Håvard Vederhus' memorial"]
[Site "Ullevaal Stadion"]
[Date "2013.09.29"]
[Round "4"]
[White "Turov, Maxim"]
[Black "Donchenko, Alexander"]
[Result "1-0"]
[WhiteElo "2586"]
[BlackElo "2467"]
[PlyCount "75"]
[EventDate "2013.??.??"]

1. c4 c5 2. g3 Nc6 3. Bg2 g6 4. Nc3 Bg7 5. Nf3 Nh6 6. d4 cxd4 7. Bxh6 Bxh6 8.
Nxd4 Bg7 9. e3 O-O 10. O-O d6 11. Bxc6 bxc6 12. Nxc6 Qd7 13. Nd4 Bb7 14. Qe2 h5
15. Rad1 h4 16. e4 hxg3 17. hxg3 Qh3 18. Nd5 Rae8 19. Rfe1 Be5 20. Nf3 Bf6 21.
Nf4 Qg4 22. Nh2 Qc8 23. Kg2 Kg7 24. Nd5 Rh8 25. Ng4 Bg5 26. f4 f5 27. fxg5 fxg4
28. b3 Rh3 29. Qb2+ e5 30. Nf4 Qf5 31. Nxh3 Qf3+ 32. Kg1 Bxe4 33. Qh2 Rh8 34.
Rf1 Qc3 35. Qf2 Bf5 36. Rxd6 Ra8 37. Qe1 Qb2 38. Rf2
1-0

[Event "Oslo Chess International - Håvard Vederhus' memorial"]
[Site "Ullevaal Stadion"]
[Date "2013.09.29"]
[Round "4"]
[White "Lillevold, Frode"]
[Black "Johannessen, Leif E"]
[Result "0-1"]
[WhiteElo "2161"]
[BlackElo "2519"]
[PlyCount "100"]
[EventDate "2013.??.??"]

1. d4 f5 2. g3 Nf6 3. Bg2 e6 4. c4 c6 5. Nh3 d6 6. O-O e5 7. dxe5 dxe5 8. Qxd8+
Kxd8 9. e4 h6 10. exf5 Bxf5 11. f4 Bc5+ 12. Kh1 e4 13. Nc3 Nbd7 14. Nd1 Kc7 15.
Ne3 g6 16. Nf2 h5 17. h4 Bd4 18. Rd1 c5 19. Rb1 a5 20. a4 Nb8 21. Kg1 Nc6 22.
Bd2 Nb4 23. Kf1 Rhe8 24. Ke2 Nd3 25. Nxf5 Bxf2 26. Be3 Ng4 27. Bxf2 Ngxf2 28.
Ne3 Nxd1 29. Nxd1 Rad8 30. Nc3 Nb4 31. Rd1 Rd3 32. Rxd3 exd3+ 33. Kd2 b6 34.
Bf1 Re6 35. Bh3 Re8 36. Bf1 Kd6 37. Bh3 Nc2 38. Nb5+ Kc6 39. Bg2+ Kd7 40. Bh3+
Kd8 41. Bf1 Ne1 42. Nc3 Nf3+ 43. Kxd3 Re1 44. Bg2 Nd4 45. Be4 Rg1 46. Ke3 Rxg3+
47. Kf2 Rg4 48. Nd5 Nf5 49. Bf3 Rxh4 50. Kg2 Ke8
0-1

[Event "Oslo Chess International - Håvard Vederhus' memorial"]
[Site "Ullevaal Stadion"]
[Date "2013.09.29"]
[Round "4"]
[White "Devereaux, Maxim L"]
[Black "Narciso Dublan, Marc"]
[Result "0-1"]
[WhiteElo "2369"]
[BlackElo "2509"]
[PlyCount "140"]
[EventDate "2013.??.??"]

1. d4 e6 2. c4 Nf6 3. Nc3 Bb4 4. Qc2 Nc6 5. Nf3 d6 6. a3 Bxc3+ 7. Qxc3 O-O 8.
g3 Re8 9. Bg2 a5 10. b3 e5 11. dxe5 dxe5 12. Be3 Bg4 13. O-O Qe7 14. h3 Bh5 15.
Qb2 Bg6 16. Rfd1 Be4 17. Rd2 h6 18. Rc1 Qe6 19. Bf1 Nh7 20. Ne1 Ne7 21. b4 Nf5
22. Qc3 axb4 23. axb4 Nf6 24. g4 Nxe3 25. Qxe3 Ra4 26. f3 Bg6 27. Qc5 e4 28.
Ng2 exf3 29. exf3 Qe7 30. Qxe7 Rxe7 31. b5 Ra3 32. Be2 Rd7 33. Rcd1 Rxd2 34.
Rxd2 Kf8 35. Nf4 Ke7 36. h4 c6 37. bxc6 bxc6 38. Kg2 Nd7 39. h5 Bh7 40. Bd3
Bxd3 41. Rxd3 Ra4 42. Rc3 Ne5 43. Re3 Kf6 44. Kg3 Rxc4 45. Nd3 Nxd3 46. Rxd3
Ke7 47. Re3+ Kd7 48. Ra3 Rc5 49. Ra7+ Ke6 50. Rc7 g6 51. hxg6 fxg6 52. Rh7 h5
53. Kh4 hxg4 54. fxg4 Kf6 55. Rd7 Rd5 56. Rc7 Rd6 57. Rc8 Ke5 58. Kg5 Kd4 59.
Rh8 c5 60. Rh1 c4 61. Rd1+ Kc5 62. Rc1 Kb4 63. Kf4 c3 64. Ke5 Rc6 65. Kd5 Rc5+
66. Ke6 c2 67. Kf7 g5 68. Kf6 Kc3 69. Rf1 Kb2 70. Rf2 Kb1
0-1

[Event "Oslo Chess International - Håvard Vederhus' memorial"]
[Site "Ullevaal Stadion"]
[Date "2013.09.29"]
[Round "4"]
[White "Lie, Espen"]
[Black "Martinsen, Stig K."]
[Result "1-0"]
[WhiteElo "2455"]
[BlackElo "2134"]
[PlyCount "93"]
[EventDate "2013.??.??"]

1. e4 e6 2. d3 c5 3. g3 Nc6 4. Bg2 Nf6 5. Nf3 d5 6. Nbd2 Be7 7. O-O b6 8. Re1
Qc7 9. Qe2 Bb7 10. c3 O-O-O 11. Ng5 Bd6 12. f4 h6 13. Ngf3 Be7 14. e5 Nh7 15.
Nf1 g5 16. fxg5 Nxg5 17. Bf4 d4 18. c4 Nb4 19. Red1 Bxf3 20. Bxf3 Nxf3+ 21.
Qxf3 Qb7 22. Qe2 Rdg8 23. a3 Nc6 24. Nd2 h5 25. Nf3 h4 26. Kf2 hxg3+ 27. hxg3
Bf8 28. Qe4 Nd8 29. Qxb7+ Kxb7 30. Rh1 Be7 31. Nd2 Nc6 32. Ne4 Kc8 33. Kf3 Kd7
34. g4 Kd8 35. g5 Kc7 36. Rh6 Bf8 37. Rhh1 Be7 38. Kg4 Kd8 39. Raf1 Ke8 40. Kf3
Kd7 41. Rh6 Bf8 42. Nf6+ Ke7 43. Nxg8+ Rxg8 44. Rh7 Rg6 45. Ke4 a5 46. Rh8 Ke8
47. b4
1-0

[Event "Oslo Chess International - Håvard Vederhus' memorial"]
[Site "Ullevaal Stadion"]
[Date "2013.09.29"]
[Round "4"]
[White "Dolzhikova, Olga"]
[Black "Trent, Lawrence"]
[Result "0-1"]
[WhiteElo "2237"]
[BlackElo "2440"]
[PlyCount "112"]
[EventDate "2013.??.??"]

1. e4 e5 2. Nf3 Nc6 3. Bc4 Nf6 4. d3 Be7 5. O-O O-O 6. Nc3 d6 7. h3 Na5 8. Bg5
c6 9. a3 Nxc4 10. dxc4 Be6 11. b3 Qc7 12. Nh2 Rad8 13. Qf3 h6 14. Bxf6 Bxf6 15.
Ng4 Bg5 16. Ne3 g6 17. g4 Qe7 18. Ne2 Qf6 19. Qxf6 Bxf6 20. Rad1 h5 21. f3 Kg7
22. Rd3 hxg4 23. hxg4 Bg5 24. Ng3 Rh8 25. Kg2 Kf6 26. Rfd1 Ke7 27. Rh1 Rxh1 28.
Kxh1 Rc8 29. Ngf1 b5 30. cxb5 cxb5 31. Kg2 a5 32. Kf2 Kd7 33. Ke1 Ra8 34. Kd1
a4 35. b4 Rh8 36. Nd5 f5 37. gxf5 gxf5 38. Ng3 f4 39. Ne2 Rh1+ 40. Kd2 Bh4 41.
c3 Rh2 42. c4 bxc4 43. Rc3 Bxd5 44. exd5 e4 45. fxe4 Bf6 46. Rf3 c3+ 47. Kd3 c2
48. Nc1 Bb2 49. Rf1 Bxa3 50. Kc3 Bxc1 51. Rxc1 f3 52. Rf1 Re2 53. Kd3 a3 54.
Rh1 a2 55. Rh7+ Kc8 56. Rh1 Kb7
0-1